LEADER 01009nam a2200277 i 4500 001 000000153871 003 CaOOAMICUS 005 20220711144737.0 008 061004s1994 it u000 u ita u 013 $a131217 020 $a88-04-38280-5 040 $aSeMil$bita 100 1 $aAgrati, Gabriella.$0(OLS)http://semarc/name/7594 245 10$aVol. 1. 300 $a283 p. 500 $aFondo Ciprandi. 700 1 $aMagini, Maria Letizia.$0(OLS)http://semarc/name/7595 773 0 $aAgrati, Gabriella$tFiabe e leggende scozzesi.$dMilano : Arnoldo Mondadori Editore, 1994.$kOscar narrativa$w()16498 830 0$aOscar narrativa ;$v1353.$0(OLS)http://semarc/title/423001 850 $aSeMil 852 $aSeMil$W1$xVenegono$y1$m1W I 410$j105755$B105755$CSeMilBibl$Z2$F114950 $81 941 1 $a1 961 $aOmaggio: Ciprandi dott. Paolo 996 $6020$a88-04-38280-5$9(OLS)http://semarc/number/143737 996 $6245$aVol. 1$9(OLS)http://semarc/title/13429 LEADER 00777nam a2200193 i 4500 001 000000235252 003 CaOOAMICUS 005 20141103000000.0 008 141103s1787 xx u000 u mul u 013 $a214155 026 $ai-to t.us umn- rebu (3) 1787 (R) 040 $aSeMil$bita 245 10$aTomo 3. 300 $a309, [3] p. 500 $aSegn. : A-T8 V4 (V4 bianca). 773 0 $aMozzi de' Capitani, Luigi <1746-1813>$tStoria delle rivoluzioni della Chiesa d'Utrecht del conte Luigi Mozzi canonico della cattedrale di Bergamo. Libri cinque. Tomo 1. [-3.].$dVenezia : Presso Zatta e figli, 1787.$g3$w()30862 850 $aSeMil 852 $aSeMil$W1$xVenegono$y1$m3C I 42 FA$j185598$B185598$CSeMilBibl$Z2$F196501 $8I 996 $6245$aTomo 3$9(OLS)http://semarc/title/53129